| 000 | 00671nam a22002411 4500 | ||
|---|---|---|---|
| 001 | 33171 | ||
| 003 | BD-RjUL | ||
| 005 | 20211209051947.0 | ||
| 008 | 140430s1959 u a 101 0 eng | ||
| 035 | _a(BD-RjUL)33262 | ||
| 035 | _a(OCoLC)2129662 | ||
| 040 |
_aDLC _cOCU _dOCoLC _dDLC _dBD-RjUL _beng |
||
| 041 | _aeng | ||
| 082 |
_a301 _bSYM 1959 |
||
| 245 | 1 | 0 |
_aSymposium on sociological theory / _cEdited by Llewellyn Gross, |
| 260 |
_aLondon. : _bHepper &Row, _c1959. |
||
| 300 |
_aix, 642 p. : _bill. ; _c24 cm. |
||
| 504 | _aIncludes bibliography and index. | ||
| 650 | 0 |
_aSociology. _9100755 |
|
| 942 |
_2ddc _cBK |
||
| 999 |
_c33171 _d33171 |
||